5HLuxD.jpg

KING HENRY VIII SENIOR AND PRIMARY SCHOOL LIBRARY OPAC

The new age of the kings : (Record no. 3745)

000 -LEADER
fixed length control field 01502cam a2200433 i 4500
001 - CONTROL NUMBER
control field 19622970
003 - CONTROL NUMBER IDENTIFIER
control field OSt
005 - DATE AND TIME OF LATEST TRANSACTION
control field 20241014083342.0
008 - FIXED-LENGTH DATA ELEMENTS--GENERAL INFORMATION
fixed length control field 170505t20142014my a b 000 0ceng d
010 ## - LIBRARY OF CONGRESS CONTROL NUMBER
LC control number 2017343543
020 ## - INTERNATIONAL STANDARD BOOK NUMBER
International Standard Book Number 9789839941784
035 ## - SYSTEM CONTROL NUMBER
System control number (OCoLC)ocn913965313
040 ## - CATALOGING SOURCE
Original cataloging agency OUN
Language of cataloging eng
Transcribing agency OUN
Description conventions rda
Modifying agency OCLCO
-- OCLCF
-- OCLCO
-- MYUML
-- DLC
-- KH8
042 ## - AUTHENTICATION CODE
Authentication code lccopycat
-- lcode
043 ## - GEOGRAPHIC AREA CODE
Geographic area code a-my---
-- a------
-- e------
-- aw-----
082 ## - DEWEY DECIMAL CLASSIFICATION NUMBER
Classification number 321.6 PAR
100 0# - MAIN ENTRY--PERSONAL NAME
Personal name Paridah Abd. Samad,
Relator term author.
Dates associated with a name 1952-
245 14 - TITLE STATEMENT
Title The new age of the kings :
Remainder of title modern monarchies in Malaysia and the world /
Statement of responsibility, etc. Paridah Abd. Samad.
264 #1 - PRODUCTION, PUBLICATION, DISTRIBUTION, MANUFACTURE, AND COPYRIGHT NOTICE
Place of production, publication, distribution, manufacture Kuala Lumpur, Malaysia :
Name of producer, publisher, distributor, manufacturer Partisan Publication,
Date of production, publication, distribution, manufacture, or copyright notice [2014]
264 #4 - PRODUCTION, PUBLICATION, DISTRIBUTION, MANUFACTURE, AND COPYRIGHT NOTICE
Date of production, publication, distribution, manufacture, or copyright notice ©2014
300 ## - PHYSICAL DESCRIPTION
Extent xviii, 392 pages :
Other physical details illustrations (chiefly color) ;
Dimensions 25 cm
336 ## - CONTENT TYPE
Content type term text
Content type code txt
Source rdacontent
336 ## - CONTENT TYPE
Content type term still image
Content type code sti
Source rdacontent
337 ## - MEDIA TYPE
Media type term unmediated
Media type code n
Source rdamedia
338 ## - CARRIER TYPE
Carrier type term volume
Carrier type code nc
Source rdacarrier
504 ## - BIBLIOGRAPHY, ETC. NOTE
Bibliography, etc. note Includes bibliographical references (pages 387-392).
546 ## - LANGUAGE NOTE
Language note In English.
650 #0 - SUBJECT ADDED ENTRY--TOPICAL TERM
Topical term or geographic name entry element Monarchy.
650 #0 - SUBJECT ADDED ENTRY--TOPICAL TERM
Topical term or geographic name entry element Monarchy
Geographic subdivision Malaysia.
650 #0 - SUBJECT ADDED ENTRY--TOPICAL TERM
Topical term or geographic name entry element Monarchy
Geographic subdivision Asia.
650 #0 - SUBJECT ADDED ENTRY--TOPICAL TERM
Topical term or geographic name entry element Monarchy
Geographic subdivision Europe.
650 #0 - SUBJECT ADDED ENTRY--TOPICAL TERM
Topical term or geographic name entry element Monarchy
Geographic subdivision Middle East.
651 #0 - SUBJECT ADDED ENTRY--GEOGRAPHIC NAME
Geographic name Malaysia
General subdivision Kings and rulers
Form subdivision Biography.
651 #0 - SUBJECT ADDED ENTRY--GEOGRAPHIC NAME
Geographic name Asia
General subdivision Kings and rulers
Form subdivision Biography.
651 #0 - SUBJECT ADDED ENTRY--GEOGRAPHIC NAME
Geographic name Europe
General subdivision Kings and rulers
Form subdivision Biography.
651 #0 - SUBJECT ADDED ENTRY--GEOGRAPHIC NAME
Geographic name Middle East
General subdivision Kings and rulers
Form subdivision Biography.
710 2# - ADDED ENTRY--CORPORATE NAME
Corporate name or jurisdiction name as entry element Partisan Publication,
Relator term publisher.
942 ## - ADDED ENTRY ELEMENTS (KOHA)
Source of classification or shelving scheme
Koha item type Books - Non Ficton
Holdings
Withdrawn status Lost status Source of classification or shelving scheme Damaged status Not for loan Collection code Permanent Location Current Location Shelving location Date acquired Full call number Barcode Date last seen Price effective from Koha item type
          Non-Fiction KH8 Senior School Library KH8 Senior School Library Non Fiction 2024-10-14 321.6 PAR 3KHSL000102088 2024-10-14 2024-10-14 Books - Non Ficton

Powered By KH8 IT Dept